000 01087nam a22003257a 4500
003 CHAP
005 20220329135004.0
008 971013s1970 r 00010 d
010 _a29151
011 _a30123
035 _a34235
040 _cCHAP
090 _aTesis
100 0 0 _aLeón Cázarez, Jesús Manuel.
_966099
245 _aEstudio ecológico de los pastizales del estado de Aguascalientes
260 _aMéxico, D.F. :
_bEl autor,
_c1970
300 _a78 h.
_b:ilus. ; mapa ; gráfs.
502 _aTesis (Doctor en Ciencias. Esp. en Biología) -- UNAM. Facultad de Ciencias
590 _aALEPH
_b10
_c20130110
_lUCH01
_h1250
590 _aBATCH-UPD
_b10
_c20130109
_lUCH01
_h2337
590 _aBATCH-UPD
_b10
_c20130110
_lUCH01
_h2305
590 _aBATCH-UPD
_b10
_c20130409
_lUCH01
_h1905
590 _aBATCH-UPD
_b10
_c20130914
_lUCH01
_h1722
590 _aCONVERSION
_b10
_c20130109
_lUCH01
_h1317
650 1 4 _aPastizales
_xAguascalientes.
_985918
650 1 4 _aPastizales
_xEcología.
_985933
901 _aBK
942 _cTESIS
949 _bBC
_cTES
_d-79332
_eTS1
_i34235
_si
999 _c29151
_d29151